Wild, wild hair / (Record no. 7284)

MARC details
000 -LEADER
fixed length control field 01005nam a22003137a 4500
001 - CONTROL NUMBER
control field 7284
003 - CONTROL NUMBER IDENTIFIER
control field FISKH
005 - DATE AND TIME OF LATEST TRANSACTION
control field 20250708093227.0
008 - FIXED-LENGTH DATA ELEMENTS--GENERAL INFORMATION
fixed length control field 250708b cb ||||| |||| 00| 0 eng d
020 ## - INTERNATIONAL STANDARD BOOK NUMBER
International Standard Book Number 0590265903
040 ## - CATALOGING SOURCE
Original cataloging agency FISKH
Language of cataloging eng
Transcribing agency FISKH
Modifying agency FISKH
050 ## - LIBRARY OF CONGRESS CALL NUMBER
Classification number PZ8.G8875 W
082 ## - DEWEY DECIMAL CLASSIFICATION NUMBER
Classification number 279
100 ## - MAIN ENTRY--PERSONAL NAME
Personal name Grimes, Nikki
Dates associated with a name (1950-)
245 ## - TITLE STATEMENT
Title Wild, wild hair /
Statement of responsibility, etc. By Nikki Grimes ; Illustrated by George ford
250 ## - EDITION STATEMENT
Edition statement This edition first published in 1997
260 ## - PUBLICATION, DISTRIBUTION, ETC.
Place of publication, distribution, etc. New York :
Name of publisher, distributor, etc. Scholastic,
Date of publication, distribution, etc. 1997
300 ## - PHYSICAL DESCRIPTION
Extent 29 unnumbered pages :
Other physical details color illustrations ;
Dimensions 23 cm
490 ## - SERIES STATEMENT
Series statement Hello reader
Volume/sequential designation Level 1&2
505 ## - FORMATTED CONTENTS NOTE
Formatted contents note J<br/>
520 ## - SUMMARY, ETC.
Summary, etc. In this rhyming story, an African American girl hides when it's time to comb and braid her hair.<br/>
521 8# - TARGET AUDIENCE NOTE
Target audience note 480<br/>
Source Lexile<br/>
521 8# - TARGET AUDIENCE NOTE
Target audience note J<br/>
Source Raz-Plus<br/>
650 ## - SUBJECT ADDED ENTRY--TOPICAL TERM
Source of heading or term African American
Topical term or geographic name entry element Early reader
650 ## - SUBJECT ADDED ENTRY--TOPICAL TERM
Source of heading or term Health and Exercise
Topical term or geographic name entry element Realistic fiction
700 ## - ADDED ENTRY--PERSONAL NAME
Personal name Ford, George
Dates associated with a name illustrator
942 ## - ADDED ENTRY ELEMENTS (KOHA)
Source of classification or shelving scheme Dewey Decimal Classification
Koha item type Books
Suppress in OPAC No
Holdings
Withdrawn status Lost status Source of classification or shelving scheme Damaged status Not for loan Collection Home library Current library Shelving location Date acquired Total Checkouts Full call number Barcode Date due Date last seen Date last checked out Copy number Price effective from Koha item type
    Dewey Decimal Classification     Juvenile Fiction Footprints International School Library Network Toul Tom Poung Campus Footprints International School Library Network Toul Tom Poung Campus TTP Primary Dark Blue Bookshelves 07/08/2025 2 GRI 279 PZ8.G8875 W 2025-1763 05/08/2026 04/24/2026 04/24/2026 1 07/08/2025 Books